legumes - Statistiques

Statistiques générales
  • Ce quiz a été pris 56 fois
  • Le résultat moyen est 20 sur 127
Statistiques - réponses
Hint Réponse % Correct
. carotte
92%
. tomate
81%
. chou
79%
. pomme de terre
77%
. courgette
75%
. concombre
71%
. poivron
69%
. aubergine
65%
. oignon
65%
. laitue
56%
legumes ail
52%
. betterave
52%
. navet
52%
. petit pois
52%
. poireau
52%
. celeri
50%
. haricot vert
50%
. endive
46%
. epinard
46%
. potiron
46%
. radis
46%
. artichaut
44%
. asperge
44%
. patate douce
42%
. pois chiche
40%
. lentille
38%
. panais
35%
. piment
35%
. topinambour
33%
. fenouil
31%
. mache
29%
. mais
29%
. persil
29%
. roquette
25%
. ciboule
23%
. echalote
23%
. basilic
19%
. gingembre
19%
. ciboulette
17%
. feve
17%
. scarole
17%
. celeri rave
15%
. salsifis
15%
. manioc
13%
. menthe
13%
. igname
10%
. rhubarbe
10%
. cardon
6%
. soja
6%
. arachide
4%
. curcuma
4%
. gombo
4%
. ortie
4%
. oseille
4%
. salicorne
4%
legumes wakame
4%
. wasabi
4%
. amarante
2%
. chia
2%
. coeur de palmier
2%
. doubeurre
2%
. pissenlit
2%
. poire de terre
2%
. pourpier
2%
. pousse de bambou
2%
. scorsonere
2%
. souchet
2%
. taro
2%
. ail rocambole
0%
. aralia
0%
. bardane
0%
. brede mafane
0%
. brocoli rave
0%
. calebasse
0%
. canna
0%
. capucine tubereuse
0%
. cerfeuil tubereux
0%
. chataigne eau
0%
. chataigne terre
0%
. chayote
0%
. chenopode bon henri
0%
. chervis
0%
. chou champetre
0%
. ciboule de chine
0%
. claytone de cuba
0%
. coqueret du perou
0%
. courge cireuse
0%
. courge de siam
0%
. cresson alenois
0%
. cresson fontaine
0%
. cresson jardin
0%
. crosne japon
0%
. epinard malabar
0%
. ficoide glacial
0%
. gesse
0%
. glycine tubereuse
0%
. grande bardane
0%
. guimauve
0%
. haricot azuki
0%
. haricot espagne
0%
. haricot lima
0%
. haricot mungo
0%
. haricot sabre
0%
. helianthis
0%
. herbe sainte barbe
0%
. jujubier
0%
. lablab
0%
. liseron eau
0%
. luffa
0%
. maceron
0%
. margose
0%
. mauve
0%
. niebe
0%
. nombril de venus
0%
. oca du perou
0%
. oignon chine
0%
. onagre
0%
. poireau perpetuel
0%
. pois angole
0%
. poivre de chine
0%
. radis serpent
0%
. raifort
0%
. roquette orient
0%
. salsifis noir
0%
. schiso
0%
. tetragone cornue
0%
. tinda
0%
Aucun quiz correspondant
Distribution des résultats
% des personnes avec chaque résultat
Percentile par nombre de réponses
Votre historique - résultats
Vous n’avez pas pris ce quiz